00309pab a2200121 454500008004000000100001900040245004100059260000900100300001400109362001100123650001900134773003400153180718b2003 xxu||||| |||| 00| 0 eng d aBorocz, Jozsef aHungary: ambivalent resistance to EU c2003 ap.283-84. a25 Jan aEuropean Union aEconomic and Political Weekly